LEADER 01155cam0 22002771 450 001 SOBE00037002 005 20131014122437.0 100 $a20131014d1948 |||||ita|0103 ba 101 $afre 102 $aFR 200 1 $a<>résurrection des villes mortes$eMésopotamie. Syrie. Palestine. Égypte. Perse. Hittites. Crète. Chypre$fMarcel Brion$g[préface du dr. G. Contenau] 210 $aParis$cPayot$d1948 215 $aXIV, 308 p.$c[1] c. di tav.$d23 cm 225 2 $aBibliothèque historique 410 1$1001LAEC00023752$12001 $a*Bibliothèque historique 700 1$aBrion$b, Marcel$3AF00010470$4070$036142 702 1$aContenau, Georges$3SOBA00008472$4070 801 0$aIT$bUNISOB$c20131014$gRICA 850 $aUNISOB 852 $aUNISOB$jFondo|Ortolani$m10454|ort 912 $aSOBE00037002 940 $aM 102 Monografia moderna SBN 941 $aM 957 $aFondo|Ortolani$b1|E$i-45$fmodalità di consultazione sulla home page della Biblioteca link Fondi$gNO$d10454|ort$hOrtolaniS$rdono$1calvano123$2UNISOB$3UNISOB$420131014101144.0$520131014101243.0$6calvano123 996 $aResurrection des villes mortes$9930691 997 $aUNISOB LEADER 01378nam0 2200325 i 450 001 IEI0022550 005 20231121125504.0 100 $a20030403d1962 ||||0itac50 ba 101 | $aita 102 $ait 181 1$6z01$ai $bxxxe 182 1$6z01$an 200 1 $a˜Il œdisarmo unico mezzo per eliminare le guerre$edocumenti della politica dell'URSS sul problema del disarmo 210 $a[Roma]$cUfficio stampa dell'Ambasciata dell'URSS in Italia$d1962 215 $a161 p.$d21 cm. 606 $aDisarmo$2FIR$3RMLC001549$9E 676 $a341.73$9PACE E DISARMO$v19 710 02$aUnione Sovietica$3MILV031670$4070$0414768 791 02$aURSS$3TSAV006503$zUnione Sovietica 791 02$aUnione delle repubbliche socialiste sovietiche$3TSAV006504$zUnione Sovietica 801 3$aIT$bIT-01$c20030403 850 $aIT-RM0289 $aIT-RM1248 $aIT-FR0017 899 $aBiblioteca Statale A. Baldini$bRM0289 899 $aBiblioteca Della Fondazione Pietro Nenni$bRM1248 899 $aBiblioteca umanistica Giorgio Aprea$bFR0017 $eN 912 $aIEI0022550 950 0$aBiblioteca umanistica Giorgio Aprea$d 52DES 341 Dis.Uni.$e 52SBA0000189655 VMB RS $fA $h20150729$i20150729 977 $a 04$a 23$a 52 996 $aDisarmo unico mezzo per eliminare le guerre$93607042 997 $aUNICAS